| 000 | 00650nam a2200241Ia 4500 | ||
|---|---|---|---|
| 003 | OSt | ||
| 005 | 20220928101926.0 | ||
| 006 | a|||||r|||| 00| 0 | ||
| 007 | ta | ||
| 008 | 220927b |||||||| |||| 00| 0 eng d | ||
| 024 | _a111741 | ||
| 037 | _cTextual | ||
| 040 |
_aSDCL _cSDCL _beng |
||
| 041 |
_2eng _aeng |
||
| 082 | _aO152,6N17,2, K9 | ||
| 100 |
_aMuktiboth Gajanan _9395771 |
||
| 245 | 0 | _aEk sahityik ki diary. | |
| 260 |
_aVaranashi _bBhartiya Gyanpith. _c1969 |
||
| 300 |
_a132p. _ccm. |
||
| 490 | _aLokodayaranthmala.197 | ||
| 942 |
_hO152,6N17,2, K9 _cTEXL _2CC |
||
| 999 |
_c711450 _d711450 |
||